Science, Risk, and Policy (Record no. 292612)
[ view plain ]
| 000 -LEADER | |
|---|---|
| fixed length control field | 00378nam a2200133Ia 4500 |
| 008 - FIXED-LENGTH DATA ELEMENTS--GENERAL INFORMATION | |
| fixed length control field | 230920s9999||||xx |||||||||||||| ||und|| |
| 020 ## - INTERNATIONAL STANDARD BOOK NUMBER | |
| International Standard Book Number | 9781315641706 |
| 100 ## - MAIN ENTRY--PERSONAL NAME | |
| Personal name | Knight , Andrew J. |
| 245 #0 - TITLE STATEMENT | |
| Title | Science, Risk, and Policy |
| 260 ## - PUBLICATION, DISTRIBUTION, ETC. | |
| Name of publisher, distributor, etc. | Routledge |
| Date of publication, distribution, etc. | 2016 |
| 650 ## - SUBJECT ADDED ENTRY--TOPICAL TERM | |
| Topical term or geographic name entry element | Social & Economical Changes |
| 856 ## - ELECTRONIC LOCATION AND ACCESS | |
| Uniform Resource Identifier | <a href="https://www.taylorfrancis.com/books/9781315641706">https://www.taylorfrancis.com/books/9781315641706</a> |
| 942 ## - ADDED ENTRY ELEMENTS (KOHA) | |
| Koha item type | E-BOOKS |
No items available.
